Friendship and Politics in Post-Revolutionary France (Record no. 351609)
[ view plain ]
| 000 -LEADER | |
|---|---|
| fixed length control field | 00676nam a2200133Ia 4500 |
| 008 - FIXED-LENGTH DATA ELEMENTS--GENERAL INFORMATION | |
| fixed length control field | 171212s9999 xx 000 0 und d |
| 020 ## - INTERNATIONAL STANDARD BOOK NUMBER | |
| International Standard Book Number | 9780271061924 |
| 100 ## - MAIN ENTRY--PERSONAL NAME | |
| Personal name | Horowitz, Sarah |
| 245 ## - TITLE STATEMENT | |
| Statement of responsibility, etc | Horowitz, Sarah |
| Title | Friendship and Politics in Post-Revolutionary France |
| 260 ## - PUBLICATION, DISTRIBUTION, ETC. (IMPRINT) | |
| Name of publisher, distributor, etc | Pennsylvania State University Press |
| Date of publication, distribution, etc | 2013 |
| 650 ## - SUBJECT ADDED ENTRY--TOPICAL TERM | |
| Topical term or geographic name as entry element | Friendship -- Political aspects -- France -- History -- 19th century; France -- Politics and government -- 19th century; Political culture -- France -- History -- 19th century; Politicians -- France -- Social life and customs -- 19th century; Politicians |
| 650 ## - SUBJECT ADDED ENTRY--TOPICAL TERM | |
| Topical term or geographic name as entry element | History |
| 856 ## - ELECTRONIC LOCATION AND ACCESS | |
| Uniform Resource Identifier | <a href="http://www.jstor.org/stable/10.5325/j.ctt32b9c6">http://www.jstor.org/stable/10.5325/j.ctt32b9c6</a> |
| Withdrawn status | Lost status | Damaged status | Home library | Current library | Date acquired | Total Checkouts | Full call number | Date last seen | Price effective from | Koha item type |
|---|---|---|---|---|---|---|---|---|---|---|
| College Library | College Library | 12/12/2017 | DC252.H67 2013 | 12/12/2017 | 12/12/2017 | Curriculum - Based eBooks |